| 000 -LEADER |
| fixed length control field |
00391nam a22001097a 4500 |
| 082 ## - DEWEY DECIMAL CLASSIFICATION NUMBER |
| Classification number |
TNC A99 V836 |
| 100 ## - MAIN ENTRY--PERSONAL NAME |
| Personal name |
Mukherji, Santi L. |
| 9 (RLIN) |
22491 |
| 245 ## - TITLE STATEMENT |
| Title |
The Philosophy of man-making : |
| Remainder of title |
A study in social and political ideas of Swami Vivekananda |
| Statement of responsibility, etc |
by Santi L. Mukherji |
| 260 ## - PUBLICATION, DISTRIBUTION, ETC. (IMPRINT) |
| Place of publication, distribution, etc |
Calcutta |
| Name of publisher, distributor, etc |
New Central |
| 300 ## - PHYSICAL DESCRIPTION |
| Extent |
468p. |
| 650 ## - SUBJECT ADDED ENTRY--TOPICAL TERM |
| Topical term or geographic name as entry element |
Vivekananda, Swami - Criticism and interpretation |
| 9 (RLIN) |
24694 |